000 00438nam a2200181Ia 4500
001 13072
005 20260306163027.0
008 260306t2006||||xx |||||||||||||| ||spa||
041 _aESP
082 _aRD 790.03
_bB72
100 _aBolaño Mercado, Tomás Emilio
_eAUT
245 0 _aDiccionario de recreación
260 _c2006
300 _a163 páginas :
_c24 cm.
650 _aGEN
654 _aCAU
942 _cDIC
_dJUS
_fJUS
_2ddc
_n
999 _c13072
_d13072